00414nam a2200145Ia 4500003000900000008004100009040001600050080001900066100001900085245005200104260003900156300001700195650001300212650004300225IN-BaIIA211028s9999 xx 000 0 eng d cIIA Library a535.313.6bBUC aBuchdahl, H. A 0aOptical aberration coefficientscH. A. Buchdahl aNew YorkbDover Publicationsc1968 axxiii, 424p. a Optics aAstronomy and astrophysics thesaurus